000 00869cam a22002411 4500
001 sa 66007719
003 DLC
005 20260227112307.0
008 831227s1965 ii 000 0 hin
010 _asa 66007719
035 _a(OCoLC)21646982
040 _aDLC
_cCU
_dDLC
042 _apremarc
050 0 0 _aPK3659
_b.V9
100 1 _aVyas, Shantikumar Nanooram,
_d1921-
245 1 0 _aRāmāyaṇakālīna saṃskṛti.
_bVālmīki-Rāmāyaṇa meṃ citrita ācāravicāra, kalā, sāhitya, vij?nāna, dharma aura darśana kā adhyayana.
_cLekhaka Śāntikumāra Nanūrāma Vyāsa
260 _aNaī Dillī,
_bSastā Sāhitya Maṇḍala,
_c1965
300 _a7, 350 p.
_billus., fold. map.
_c19 cm
500 _aAt head of title: Satsāhitya - Prakāśana
500 _aIn Hindi
504 _aBibliography: p. [328]-330
600 0 0 _aVālmīki.
_tRāmāyaṇa
999 _c71364
_d71364